[Event "Ch Mexico"]
[Site "masterchessopen.com Mexico City (Mexico)"]
[Round "8"]
[White "Navarro Roberto (MEX)"]
[Black "Garmendez Florentino (MEX)"]
[Result "0-1"]
[WhiteElo "2289"]
[BlackElo "2407"]

1.e4 c5 2.Nf3 Nc6 3.c4 g6 4.d4 cxd4 5.Nxd4 Bg7 6.Nc2 Nf6 7.Nc3 O-O 8.Be2 d6
9.O-O a5 10.Be3 a4 11.f3 Nd7 12.Rb1 a3 13.Nd4 axb2 14.Rxb2 Ra3 15.Rb3 Rxb3
16.axb3 Qb6 17.Nd5 Bxd4 18.Nxb6 Bxe3+ 19.Kh1 Bxb6 20.f4 Nd4 21.Bf3 Nxf3
22.Qxf3 Bd4 23.Rd1 Bg7 24.Rd5 b6 25.Rd2 Bb7 26.Ra2 f5 27.Ra7 Bxe4 28.Qf2 Rd8
29.Qa2 Bf6 30.Qa6 Kf7 31.Qb5 Nc5 32.Qxb6 Ne6 33.Ra2 Bd4 34.Qa5 Rb8 35.Qa4 Nc5
36.Qa7 Rxb3 37.Ra1 Rb2 {#R} 0-1

[Event "Ch Spain (team) (1 Div)"]
[Site "masterchessopen.com Mondariz (Spain)"]
[Round "3"]
[White "De La Villa Garcia Jesus M (ESP)"]
[Black "Alonso Martinez Tomas (ESP)"]
[Result "1-0"]
[WhiteElo "2460"]
[BlackElo "2157"]

1.e4 c5 2.Nf3 g6 3.d4 cxd4 4.Nxd4 Bg7 5.c4 Nc6 6.Nc2 Qa5+ 7.Bd2 Qb6 8.Nc3 Nf6
9.Be2 d6 10.O-O O-O 11.Kh1 Bd7 12.Rb1 Rfc8 13.Be3 Qd8 14.f3 Ne5 15.Na3 a5
16.Rc1 h5 17.Qd2 Kh7 18.h3 Bc6 19.Nd5 Bxd5 20.exd5 Qf8 21.g4 hxg4 22.hxg4
Nexg4 23.fxg4 Ne4 24.Qc2 Ng3+ 25.Kg2 Nxf1 26.Rxf1 Kg8 27.g5 Be5 28.Bg4 Qg7
29.Bxc8 Rxc8 30.b3 Bb2 31.Nb5 Qe5 32.Qf2 f5 33.gxf6 exf6 34.Bf4 Qe4+ 35.Qf3
Qc2+ 36.Rf2 Qb1 37.Nxd6 Ra8 38.Qe2 {#r} 1-0

[Event "It (open)"]
[Site "masterchessopen.com Ostrava (Czech Republic)"]
[Round "9"]
[White "Smetana Jaroslav (CZE)"]
[Black "Weissmann Lukas (CZE)"]
[Result "0-1"]
[WhiteElo "2079"]
[BlackElo "2116"]

1.e4 c5 2.Nf3 Nc6 3.d4 cxd4 4.Nxd4 g6 5.c4 Bg7 6.Nc2 d6 7.Be2 f5 8.exf5 Bxf5
9.Ne3 Nh6 10.Nc3 O-O 11.O-O Be6 12.Ned5 Qd7 13.Bg5 Nf5 14.Qd2 Nfd4 15.Rfe1 Rf7
16.Be3 Bf5 17.Rac1 e6 18.Nf4 e5 19.Nfd5 Raf8 20.Nb5 a6 21.Nbc3 h5 22.h4 Bg4
23.f3 Bxf3 24.gxf3 Rxf3 25.Bf1 Rg3+ 26.Kh2 Qg4 27.Kh1 Nf3 {#R} 0-1

[Event "It (open)"]
[Site "masterchessopen.com Pamplona (Spain)"]
[Round "1"]
[White "Navarro Cia Miguel (ESP)"]
[Black "Iza Abete Amaia (ESP)"]
[Result "1-0"]
[WhiteElo "2325"]
[BlackElo "1984"]

1.e4 c5 2.Nf3 Nc6 3.d4 cxd4 4.Nxd4 g6 5.c4 Bg7 6.Nc2 Nf6 7.Nc3 d6 8.Be2 O-O
9.O-O a6 10.Be3 Qc7 11.Rc1 e6 12.Qd2 Rd8 13.Rfd1 Ne7 14.Na3 Qc6 15.Bf3 Qe8
16.e5 Nd7 17.exd6 Ne5 18.Be4 N7c6 19.Bb6 Rd7 20.g3 f5 21.Bg2 Nf7 22.c5 Bh6
23.f4 Bg7 24.Nc4 Nfd8 25.Kh1 Rf7 26.Bxd8 Qxd8 27.Nb6 {#r} 1-0

[Event "It (open)"]
[Site "masterchessopen.com Balaguer (Spain)"]
[Round "2"]
[White "Westerinen Heikki M J (FIN)"]
[Black "Moreno Perales Antonio (ESP)"]
[Result "1-0"]
[WhiteElo "2362"]
[BlackElo "2043"]

1.e4 c5 2.Nf3 Nc6 3.d4 cxd4 4.Nxd4 g6 5.c4 Bg7 6.Nc2 Nf6 7.Nc3 O-O 8.Bd3 d6
9.O-O a5 10.Nd5 Nd7 11.Rb1 Nc5 12.Re1 Nxd3 13.Qxd3 f5 14.Re2 fxe4 15.Qxe4 Bf5
16.Qh4 e6 17.Bg5 Qd7 18.Nb6 Qf7 19.Nxa8 Nb4 20.Nb6 Bxc2 21.Rbe1 Qc7 22.Nd5
exd5 23.Re7 Qc8 24.Rxg7+ Kxg7 25.Re7+ Rf7 26.Rxf7+ Kxf7 27.Qxh7+ Ke6 28.Qe7+
Kf5 29.Qf6+ Ke4 30.f3+ {#r} 1-0

[Event "Ch Baden-Wuerttemberg (b)"]
[Site "masterchessopen.com Karlsruhe (Germany)"]
[Round "3"]
[White "Becker Erik (GER)"]
[Black "May Juergen (GER)"]
[Result "0-1"]
[WhiteElo "2030"]
[BlackElo "2132"]

1.e4 c5 2.Nf3 g6 3.d4 cxd4 4.Nxd4 Bg7 5.c4 Nc6 6.Nc2 Nf6 7.Nc3 O-O 8.Be2 d6
9.O-O Be6 10.Be3 Ne5 11.b3 Qa5 12.Qd2 Nc6 13.f3 Ng4 14.Bd4 Nxd4 15.Nxd4 Qe5
{#R} 0-1

[Event "Memorial Narciso Yepes (open)"]
[Site "masterchessopen.com Lorca (Spain)"]
[Round "8"]
[White "Rizouk Aimen (ALG)"]
[Black "Castella Fausto (ESP)"]
[Result "0-1"]
[WhiteElo "2465"]
[BlackElo "2414"]

1.e4 c5 2.Nf3 Nc6 3.d4 cxd4 4.Nxd4 g6 5.c4 Bg7 6.Nc2 Nf6 7.Nc3 d6 8.Be2 Nd7
9.Be3 O-O 10.O-O Nc5 11.f3 a5 12.Qd2 Be6 13.Na3 Re8 14.Nab5 Rc8 15.Rad1 a4
16.Qc2 Qa5 17.Kh1 Qb4 18.Bd2 Bxc4 19.Bxc4 Qxc4 20.Qb1 Qd3 21.Qc1 Qc4 22.Bh6
Nd3 23.Qd2 Bxh6 24.Qxd3 Ne5 25.Qb1 Qb4 26.Rd4 Rc4 27.Rd5 Rec8 28.f4 Ng4 29.Rf3
Nf6 30.a3 Qb3 31.Rd1 Nxe4 32.Nd5 Qxd1+ 33.Qxd1 Rc1 {#R} 0-1

[Event "It (open)"]
[Site "masterchessopen.com Penrith (Australia)"]
[Round "5"]
[White "Jakirlic Nermin (BIH)"]
[Black "Gerdell Frank (GER)"]
[Result "1-0"]
[WhiteElo "2162"]
[BlackElo "2095"]

1.e4 c5 2.Nf3 Nc6 3.d4 cxd4 4.Nxd4 g6 5.c4 Bg7 6.Nc2 Nf6 7.Nc3 O-O 8.Be2 d6
9.O-O Bd7 10.Rb1 Rc8 11.f4 Nb4 12.e5 Bf5 13.Nxb4 Bxb1 14.exf6 Bxf6 15.Nbd5
Bxc3 16.Nxc3 Bf5 17.Be3 Qa5 18.Nd5 Rfe8 19.Bd4 Qxa2 20.Bc3 b5 21.g4 Bxg4
22.Bxg4 Rxc4 23.Bd7 Rd8 24.Nxe7+ Kf8 25.Qxd6 Rxc3 26.bxc3 Qe2 27.Nc6+ Kg7
28.Nxd8 Qe3+ 29.Rf2 Qe1+ 30.Kg2 Qe4+ 31.Kf1 Qd3+ 32.Qxd3 {#r} 1-0

[Event "Ch Ukraine"]
[Site "masterchessopen.com Simferopol (Ukraine)"]
[Round "1"]
[White "Gasanov Eldar (UKR)"]
[Black "Kovytev Nikolay (UKR)"]
[Result "1-0"]
[WhiteElo "2445"]
[BlackElo "2167"]

1.c4 g6 2.e4 Bg7 3.d4 c5 4.Nf3 cxd4 5.Nxd4 Nc6 6.Nc2 d6 7.Be2 Qb6 8.Nc3 Bxc3+
9.bxc3 Nf6 10.f3 Qa5 11.Bd2 Ne5 12.Ne3 O-O 13.O-O Be6 14.f4 Nc6 15.Bd3 Qc5
16.Kh1 Na5 17.Qe2 Rac8 18.Nd5 Bxd5 19.cxd5 Nc4 20.Be1 b5 21.a4 bxa4 22.Bf2 Qc7
23.Rxa4 Nb6 24.Ra3 Rb8 25.Rfa1 a5 26.Bd4 a4 27.Bb5 e5 28.dxe6 fxe6 29.e5 Nfd7
30.Qg4 Rf5 31.Bd3 dxe5 32.fxe5 Nxe5 33.Qg3 Rh5 {#r} 1-0

[Event "Ch Ukraine (juniors) (under 18) (g) (1/2 final)"]
[Site "masterchessopen.com Lvov (Ukraine)"]
[Date "2003.12.01"]
[Round "4"]
[White "Goroshkova Liudmila (UKR)"]
[Black "Berdiugina Elena (UKR)"]
[Result "1-0"]
[WhiteElo "2000"]
[BlackElo "2120"]

1.e4 g6 2.d4 Bg7 3.c4 c5 4.Ne2 cxd4 5.Nxd4 Nc6 6.Nc2 Nf6 7.Nc3 d6 8.Be2 O-O
9.O-O b6 10.f4 Bb7 11.Bf3 Na5 12.Qd3 Rc8 13.b3 a6 14.Be3 Nd7 15.Bd4 e5 16.fxe5
dxe5 17.Be3 Qc7 18.Rac1 b5 19.Nd5 bxc4 20.bxc4 Qxc4 21.Ne7+ Kh8 22.Qxd7 Rc7
23.Qd6 Qe6 {#r} 1-0

[Event "Ch France (juniors) (under 14)"]
[Site "masterchessopen.com France"]
[Round "6"]
[White "Saatdjian Thomas (FRA)"]
[Black "Sejean Stephen"]
[Result "1-0"]
[WhiteElo "2102"]
[BlackElo "1990"]

1.Nf3 c5 2.c4 g6 3.d4 cxd4 4.Nxd4 Bg7 5.e4 Nc6 6.Nc2 d6 7.Be2 Nf6 8.Nc3 Nd7
9.Bd2 a5 10.O-O O-O 11.Re1 Nc5 12.Bf1 Qb6 13.Nd5 Qa7 14.Na3 b6 15.Rb1 Be6
16.Nb5 Qb7 17.Bg5 h6 18.Bh4 g5 19.Bg3 Nb4 20.a3 Nxd5 21.cxd5 Bc8 22.f4 a4
23.Qh5 g4 24.f5 Nb3 25.Qxg4 Qd7 26.Bf4 Kh7 27.Qh5 Ba6 28.Nc3 Bxf1 29.Rxf1 Nd4
30.f6 {#r} 1-0

[Event "It (open)"]
[Site "masterchessopen.com Sao Paulo (Brazil)"]
[Date "2004.05.07"]
[Round "1"]
[White "Milos Gilberto (BRA)"]
[Black "Terao Juliana Sayumi (BRA)"]
[Result "1-0"]
[WhiteElo "2593"]
[BlackElo "1999"]

1.e4 c5 2.Nf3 Nc6 3.d4 cxd4 4.Nxd4 g6 5.c4 Bg7 6.Nc2 Nf6 7.Nc3 O-O 8.Be2 d6
9.O-O Nd7 10.Be3 Nc5 11.f3 a5 12.Rb1 Be6 13.Qd2 Qc7 14.Nb5 Qb6 15.b3 Rac8
16.Rfe1 Qa6 17.Bf1 Rfd8 18.Qf2 b6 19.Qd2 Qb7 20.Nc3 Na6 21.Nd5 Bxd5 22.cxd5
Ne5 23.Nd4 Nc5 24.Bb5 Bf6 25.Qe2 e6 26.dxe6 Nxe6 27.Ba6 {#r} 1-0

[Event "Ch France (team) (juniors) 2004/05"]
[Site "masterchessopen.com France"]
[Date "2004.12.21"]
[Round "7"]
[White "Nahed Yann (FRA)"]
[Black "Lambert Romain (FRA)"]
[Result "1-0"]
[WhiteElo "2008"]
[BlackElo "2062"]

1.e4 c5 2.Nf3 Nc6 3.d4 cxd4 4.Nxd4 g6 5.c4 Bg7 6.Nc2 Nf6 7.Nc3 O-O 8.Be3 d6
9.f3 Be6 10.Qd2 Rc8 11.Rc1 Ne5 12.b3 a6 13.Be2 Qa5 14.O-O Nfd7 15.Nd5 Qd8
16.Rfe1 Nc5 17.Bg5 Bxd5 18.exd5 b6 19.Nd4 Re8 20.f4 Ne4 21.Qe3 Nxg5 22.fxe5 b5
23.Nc6 Rxc6 24.dxc6 Bxe5 25.Qxg5 Qb6+ 26.Kh1 Bd4 27.Bf3 {#r} 1-0

[Event "Czech League 2005/06 (2nd) (b)"]
[Site "masterchessopen.com Czech Republic"]
[Round "2"]
[White "Papay Jindrich (CZE)"]
[Black "Volak Jan (CZE)"]
[Result "1-0"]
[WhiteElo "2036"]
[BlackElo "1969"]

1.e4 c5 2.c4 Nc6 3.Nf3 g6 4.d4 cxd4 5.Nxd4 Bg7 6.Nc2 Nf6 7.Nc3 d6 8.Be2 O-O
9.Be3 b6 10.O-O Bb7 11.f3 Rc8 12.Qd2 Re8 13.Rad1 Qc7 14.b3 Qb8 15.Nd5 Rcd8
16.Bg5 Nxd5 17.exd5 Ne5 18.f4 Nd7 19.f5 Ne5 20.fxg6 hxg6 21.Nd4 Qc7 22.Nb5 Qb8
23.h4 a6 24.Nd4 Qc7 25.h5 Bc8 26.hxg6 Nxg6 27.Nc6 Rd7 28.Bh5 e6 29.Qd3 exd5
30.cxd5 Ne5 31.Qg3 Kf8 32.Rc1 Qb7 33.Rf6 Rc7 34.Bh6 Bxh6 35.Rxh6 Nxc6 36.Qxd6+
Kg8 37.Qf6 {#r} 1-0

[Event "Extraliga 2004/05"]
[Site "masterchessopen.com Slovakia"]
[Date "2005.03.13"]
[Round "9"]
[White "Drtina Milan (SVK)"]
[Black "Franzen Jozef (SVK)"]
[Result "0-1"]
[WhiteElo "2259"]
[BlackElo "2379"]

1.e4 c5 2.c4 Nc6 3.Ne2 g6 4.d4 cxd4 5.Nxd4 Bg7 6.Nc2 Nf6 7.Nc3 O-O 8.Be2 a6
9.O-O Rb8 10.a4 d6 11.Be3 Be6 12.Nd4 Nxd4 13.Bxd4 Nd7 14.Bxg7 Kxg7 15.Qd4+ Kg8
16.a5 Qc7 17.b4 Rfc8 18.Rfc1 b6 19.b5 Nc5 20.Nd5 Bxd5 21.cxd5 bxa5 22.bxa6 Rb4
23.Qe3 Qb6 24.e5 Ra8 25.exd6 exd6 26.Bf1 a4 27.Rc4 Rxc4 28.Bxc4 Qb2 29.Qa3 Qd4
30.Rc1 Ne4 31.Qe3 Qxe3 32.fxe3 Rc8 33.Rb1 Ra8 34.Rb6 a3 35.Rb5 Rxa6 {#R} 0-1

[Event "Ch Hessen (juniors) (under 16)"]
[Site "masterchessopen.com Bad Homburg (Germany)"]
[Round "4"]
[White "Lueders Morten (GER)"]
[Black "Warnecke Tobias (GER)"]
[Result "0-1"]
[WhiteElo "1897"]
[BlackElo "2101"]

1.e4 c5 2.Nf3 Nc6 3.d4 cxd4 4.Nxd4 g6 5.c4 Bg7 6.Nc2 Nf6 7.Nc3 O-O 8.Be2 d6
9.O-O a5 10.Be3 Nd7 11.Qd2 Nc5 12.Bh6 Bd7 13.Bxg7 Kxg7 14.Ne3 h5 15.f4 f5
16.exf5 Bxf5 17.Nxf5+ Rxf5 18.Nd5 Ne4 19.Qd3 Nf6 20.Nxf6 Rxf6 21.Kh1 Qb6
22.Qd2 Raf8 23.Rad1 Qb4 24.Qc1 Nd8 25.Rd5 Rf5 26.Rxf5 Rxf5 27.Bd3 Rf6 28.f5
Nc6 29.Be4 Ne5 30.b3 b5 31.cxb5 Qxe4 32.b6 Qb7 33.Qe3 Ng4 34.Qd4 Nh6 35.Rc1
Nxf5 36.Qg1 d5 37.Rc7 Qxb6 {#R} 0-1

[Event "Ch France (juniors)"]
[Site "masterchessopen.com Calvi (France)"]
[Round "8"]
[White "Martin Cedric (FRA)"]
[Black "Doebele Victor (FRA)"]
[Result "1-0"]
[WhiteElo "1982"]
[BlackElo "1981"]

1.e4 c5 2.Nf3 Nc6 3.d4 cxd4 4.Nxd4 g6 5.c4 Bg7 6.Nc2 Nf6 7.Nc3 d6 8.Be2 O-O
9.Be3 Nd7 10.Qd2 Nc5 11.f3 Qa5 12.O-O Bxc3 13.bxc3 Na4 14.Bh6 Rd8 15.Nb4 f6
16.Rab1 Ne5 17.Nd5 Kf7 18.Rb5 Qa6 19.Nb4 Qb6+ 20.Rxb6 Nxb6 21.Qd4 Be6 22.f4
Bxc4 23.Bxc4+ Nexc4 24.f5 g5 25.a4 Ne5 26.h3 Rdc8 27.a5 Rc4 28.Qd2 Na4 29.Qd5+
Ke8 30.Qg8+ Kd7 31.Qxa8 {#r} 1-0

[Event "It (open)"]
[Site "masterchessopen.com Ardennes (France)"]
[Round "5"]
[White "Pytel Krzysztof (FRA)"]
[Black "Gasior Jerome (FRA)"]
[Result "1-0"]
[WhiteElo "2380"]
[BlackElo "2125"]

1.Nf3 c5 2.c4 Nc6 3.d4 cxd4 4.Nxd4 g6 5.e4 Bg7 6.Nc2 Nf6 7.Nc3 b6 8.Be2 Bb7
9.Be3 d6 10.Rc1 O-O 11.O-O Qb8 12.Qd2 Rd8 13.f3 Rd7 14.Rfd1 Qf8 15.Bf1 e6
16.Nd4 Ne5 17.Qf2 Rad8 18.h3 Ba8 19.Be2 h6 20.f4 Nc6 21.Nxc6 Bxc6 22.Bf3 Ba8
23.Rd2 d5 24.e5 d4 25.Rxd4 {#r} 1-0

[Event "Memorial Gyorgy Marx (open)"]
[Site "masterchessopen.com Paks (Hungary)"]
[Date "2005.06.16"]
[Round "3"]
[White "Veszpremi Andras (HUN)"]
[Black "Krumpacnik Domen (SLO)"]
[Result "1-0"]
[WhiteElo "2097"]
[BlackElo "2377"]

1.e4 c5 2.Nf3 g6 3.d4 cxd4 4.Nxd4 Bg7 5.c4 Nc6 6.Nc2 d6 7.Be2 Be6 8.O-O Rc8
9.Ne3 Nd4 10.Bd3 Nf6 11.Nc3 O-O 12.f4 a6 13.a4 Bd7 14.Kh1 b5 15.cxb5 axb5
16.e5 dxe5 17.fxe5 Ng4 18.Be4 Nxe3 19.Bxe3 Nf5 20.Bxf5 Bxf5 21.axb5 Bxe5
22.Qxd8 Rfxd8 23.b6 Bxc3 24.bxc3 Rxc3 25.b7 Be4 26.Rfd1 Rf8 27.Ra8 Rb3 28.Bh6
{#r} 1-0

[Event "Cup Torch Real Estate"]
[Site "masterchessopen.com Xiapu (China)"]
[Date "2005.06.21"]
[Round "14"]
[White "Tong Yuanming (CHN)"]
[Black "Chen Peng (CHN)"]
[Result "1-0"]
[WhiteElo "2510"]
[BlackElo "2081"]

1.c4 c5 2.Nf3 Nc6 3.d4 cxd4 4.Nxd4 g6 5.e4 Bg7 6.Nc2 d6 7.Be2 Nf6 8.Nc3 O-O
9.O-O Be6 10.Be3 Rc8 11.Qd2 Ng4 12.Bxg4 Bxg4 13.Bh6 Qa5 14.Bxg7 Kxg7 15.Ne3
Be6 16.Rad1 a6 17.f4 Qc5 18.Nd5 b5 19.b4 Qa7 20.c5 dxc5 21.f5 Bxd5 22.f6+ exf6
23.Ng4 Bxe4 24.Qh6+ Kh8 25.Nxf6 g5 26.Rd7 Bg6 27.Rxa7 Nxa7 28.bxc5 Nc6 29.Qxg5
Rfd8 30.Ng4 Rc7 31.Qf6+ Kg8 32.Nh6+ Kf8 33.Re1 {#r} 1-0

[Event "It (open)"]
[Site "masterchessopen.com Ljubljana (Slovenia)"]
[Date "2005.07.09"]
[Round "2"]
[White "Sedlak Nikola (SRB)"]
[Black "Penko Igor (SLO)"]
[Result "1-0"]
[WhiteElo "2512"]
[BlackElo "2223"]

1.e4 c5 2.Nf3 Nc6 3.d4 cxd4 4.Nxd4 g6 5.c4 Bg7 6.Nc2 d6 7.Be2 f5 8.exf5 Bxf5
9.O-O Nh6 10.Nc3 O-O 11.Be3 Qd7 12.Nd4 e5 13.Nxc6 bxc6 14.Qd2 Nf7 15.b4 Rfd8
16.Rfd1 Bg4 17.b5 Bxe2 18.Qxe2 Qe6 19.bxc6 Rdc8 20.Nd5 Rxc6 21.Rab1 Rac8
22.Rb7 Bf8 23.Rxa7 Rxc4 24.h3 Rc2 25.Qb5 Qf5 26.Qb7 Re2 27.Nf6+ Qxf6 28.Qxc8
d5 29.Ra8 Nd6 30.Qxf8+ Qxf8 31.Rxf8+ Kxf8 32.Bc5 {#r} 1-0

[Event "It (cat.2)"]
[Site "masterchessopen.com Kecskemet (Hungary)"]
[Date "2005.08.10"]
[Round "5"]
[White "Kjartansson Gudmundur (ISL)"]
[Black "Zakharchenko Arnold (UKR)"]
[Result "1-0"]
[WhiteElo "2257"]
[BlackElo "2273"]

1.e4 c5 2.Nf3 Nc6 3.d4 cxd4 4.Nxd4 g6 5.c4 Bg7 6.Nc2 d6 7.Be2 f5 8.exf5 gxf5
9.Bh5+ Kf8 10.Nc3 Nf6 11.Be2 Be6 12.O-O Bf7 13.Nd5 e6 14.Nxf6 Bxf6 15.Bh6+ Ke7
16.Qd2 Rg8 17.Rad1 Qc7 18.b4 Rad8 19.Rfe1 Rd7 20.Be3 Kd8 21.Na3 a6 22.f4 Ke7
23.c5 d5 24.Nc2 d4 25.Bf2 d3 26.Bxd3 Bh5 27.Qe3 Bc3 28.Qxe6+ Kf8 29.Qxf5+ Rf7
30.Qxh5 Bxe1 31.Rxe1 Qxf4 32.Be3 {#r} 1-0

[Event "Ch Spain (team) (Premier North)"]
[Site "masterchessopen.com Barcelona (Spain)"]
[Date "2005.08.12"]
[Round "3"]
[White "Lopez Gracia Fernando (ESP)"]
[Black "Gonzalez Diaz Diego (ESP)"]
[Result "1-0"]
[WhiteElo "2316"]
[BlackElo "2286"]

1.e4 c5 2.Nf3 Nc6 3.d4 cxd4 4.Nxd4 g6 5.c4 Bg7 6.Nc2 d6 7.Be2 Be6 8.O-O Rc8
9.Ne3 Nf6 10.Nc3 O-O 11.Rb1 Nd7 12.Ncd5 Bxd5 13.Nxd5 Nc5 14.f3 Bd4+ 15.Kh1 a5
16.b3 e6 17.Ne3 f5 18.Nc2 Bg7 19.exf5 gxf5 20.Bf4 Be5 21.Bxe5 dxe5 22.a3 Qg5
23.b4 Rcd8 24.Qe1 axb4 25.axb4 Na4 26.c5 Rd2 27.f4 Qd8 28.Bc4 Rf6 29.fxe5 Rg6
30.Ne3 Nxe5 31.Bb3 Qd3 32.Nxf5 Re2 33.Qh4 Rexg2 34.Ne7+ Kg7 35.Nxg6 Rxg6
36.Qe7+ Kh6 37.Qh4+ Kg7 38.Rbe1 Nf3 39.Rd1 Nd2 {#r} 1-0

[Event "It (open) (juniors) (under 20)"]
[Site "masterchessopen.com Hengelo (Netherlands)"]
[Date "2005.08.12"]
[Round "7"]
[White "Pruijssers Roeland (NED)"]
[Black "Kukel Imre (SVK)"]
[Result "1-0"]
[WhiteElo "2310"]
[BlackElo "2280"]

1.e4 c5 2.Nf3 Nc6 3.d4 cxd4 4.Nxd4 g6 5.c4 Bg7 6.Nc2 Nf6 7.Nc3 O-O 8.Be2 d6
9.O-O a6 10.Be3 Bd7 11.Qe1 Rb8 12.f3 Ne5 13.f4 Neg4 14.Bd2 Qb6+ 15.Kh1 Qxb2
16.Bd1 Qb6 17.h3 Nh6 18.e5 Ne8 19.Nd5 Qd8 20.Ba5 b6 21.Nxb6 Bf5 22.Nb4 dxe5
23.Nc6 Qd6 24.Ba4 Rb7 25.Rd1 Qa3 26.Bb4 Qd3 27.Rxd3 Bxd3 28.Rf3 e4 29.Nxe7+
Kh8 30.Rxd3 exd3 31.Ned5 {#r} 1-0

[Event "It (open)"]
[Site "masterchessopen.com Kuala Lumpur (Malaysia)"]
[Date "2005.08.21"]
[Round "4"]
[White "Situru Nathanael (INA)"]
[Black "Rogers Ian (AUS)"]
[Result "0-1"]
[WhiteElo "2382"]
[BlackElo "2556"]

1.e4 c5 2.Nf3 Nc6 3.d4 cxd4 4.Nxd4 g6 5.c4 Bg7 6.Nc2 d6 7.Be2 Qb6 8.Nc3 Bxc3+
9.bxc3 Qa5 10.Bd2 Nf6 11.f3 Be6 12.Nd4 Qc5 13.Nxe6 fxe6 14.Rb1 O-O 15.Rb5 Qa3
16.Qc2 b6 17.f4 Rac8 18.h4 e5 19.O-O Qa6 20.f5 Nd4 21.cxd4 Qxb5 22.Qd3 Qc6
23.d5 Qc5+ 24.Be3 Qa5 25.Bh6 Rf7 26.fxg6 hxg6 27.Qg3 Kh7 28.Be3 Rcf8 29.Qg5
Ng8 30.Bf3 Qxa2 31.h5 Rf6 32.Kh2 Kg7 33.Kg3 Qxc4 34.Rc1 Rxf3+ 35.gxf3 Qe2
36.Qxg6+ Kh8 {#R} 0-1

[Event "It (open)"]
[Site "masterchessopen.com Hamburg (Germany)"]
[Date "2005.10.09"]
[Round "9"]
[White "Cremer Jochen (GER)"]
[Black "Fruebing Stefan (GER)"]
[Result "0-1"]
[WhiteElo "2128"]
[BlackElo "2233"]

1.e4 c5 2.Nf3 Nc6 3.d4 cxd4 4.Nxd4 g6 5.c4 Bg7 6.Nc2 Nf6 7.Nc3 a6 8.Bd2 Rb8
9.a4 d6 10.Be2 Nd7 11.O-O Nc5 12.Ra3 a5 13.Qc1 O-O 14.Bh6 Nb4 15.Nd5 Bxh6
16.Qxh6 Nxc2 17.Rc3 Nd4 18.Bh5 Nxe4 19.Qe3 Nxc3 20.Nxe7+ Kg7 21.Qxd4+ f6
22.Re1 Rf7 23.Qe3 Nxa4 24.Bf3 Nc5 25.Nd5 Be6 26.Nf4 Bxc4 27.Qc3 b5 28.h4 Re7
29.Rd1 Re5 30.h5 Qe7 31.hxg6 hxg6 32.Qc2 f5 {#R} 0-1

[Event "It (open) \"]
[Site "masterchessopen.com Omis (Croatia)"]
[Date "2005.10.15"]
[Round "8"]
[White "Vranjic Marko (CRO)"]
[Black "Klasan Elvis (CRO)"]
[Result "0-1"]
[WhiteElo "1776"]
[BlackElo "2097"]

1.e4 c5 2.Nf3 g6 3.d4 Bg7 4.c4 cxd4 5.Nxd4 Nc6 6.Nc2 d6 7.Be2 Nf6 8.Nc3 O-O
9.O-O Bd7 10.Be3 Rc8 11.f4 Ne8 12.Qd2 f5 13.Bd3 Qa5 14.exf5 Bxf5 15.Bxf5 Rxf5
16.g4 Rf7 17.Ne4 Qxd2 18.Nxd2 Na5 19.Nd4 e5 20.Ne6 exf4 21.Bxf4 Bxb2 22.Rab1
Ba3 23.Bh6 Bc5+ 24.Nxc5 Rxc5 25.Rbe1 Re5 26.Rd1 b6 27.Rc1 Ng7 28.Nf3 Re4
29.Ng5 Rxg4+ 30.Kh1 Rxf1+ 31.Rxf1 Nf5 32.Ne6 Kf7 33.Nc7 Rxc4 34.Nd5 Ke6
35.Nf4+ Kd7 {#R} 0-1

[Event "It (open)"]
[Site "masterchessopen.com Bad Harzburg (Germany)"]
[Date "2005.10.19"]
[Round "3"]
[White "Nuesken Nikolas (GER)"]
[Black "Warnecke Tobias (GER)"]
[Result "1-0"]
[WhiteElo "2302"]
[BlackElo "2101"]

1.e4 c5 2.Nf3 Nc6 3.d4 cxd4 4.Nxd4 g6 5.c4 Bg7 6.Nc2 Nf6 7.Nc3 O-O 8.Be2 d6
9.O-O Be6 10.Be3 Ne5 11.b3 Nfg4 12.Bd4 Qc8 13.f4 Nc6 14.Bxg7 Kxg7 15.f5 gxf5
16.exf5 Bxf5 17.Rxf5 Qxf5 18.Bxg4 Qg6 19.Bf3 Ne5 20.Bxb7 Rab8 21.Be4 f5 22.Bd5
e6 23.Bf3 Kh8 24.Qe2 Rg8 25.Rd1 f4 26.Ne1 Nf7 27.Bh5 {#r} 1-0

[Event "It (open)"]
[Site "masterchessopen.com Boeblingen (Germany)"]
[Date "2005.12.26"]
[Round "1"]
[White "Hoffmann Michael (GER)"]
[Black "Reder Erik (GER)"]
[Result "1-0"]
[WhiteElo "2443"]
[BlackElo "1904"]

1.e4 c5 2.Nf3 Nc6 3.d4 cxd4 4.Nxd4 g6 5.c4 Bg7 6.Nc2 Nf6 7.Nc3 O-O 8.Be2 d6
9.O-O Nd7 10.Bd2 Nc5 11.b4 Ne6 12.Rc1 Ncd4 13.Nxd4 Nxd4 14.Be3 Nxe2+ 15.Qxe2
f5 16.exf5 gxf5 17.Bg5 Bf6 18.Bxf6 Rxf6 19.Nd5 Rf7 20.c5 e6 21.Nf4 e5 22.Nd5
e4 23.cxd6 Qxd6 24.Rfd1 Qg6 25.Nc7 f4 26.Nxa8 f3 27.Rxc8+ Kg7 28.Qb2+ Kh6
29.Qd2+ Kg7 30.g3 Qf5 31.Rc7 Qh3 32.Qg5+ {#r} 1-0

[Event "It (open)"]
[Site "masterchessopen.com Sevilla (Spain)"]
[Date "2006.01.09"]
[Round "3"]
[White "Matamoros Franco Carlos S (ECU)"]
[Black "Justiniano Marquez Marco Ant (ESP)"]
[Result "1-0"]
[WhiteElo "2534"]
[BlackElo "2160"]

1.c4 c5 2.Nf3 g6 3.d4 Bg7 4.e4 cxd4 5.Nxd4 Nc6 6.Nc2 Nf6 7.Nc3 O-O 8.Be2 d6
9.O-O Be6 10.Kh1 Rc8 11.Rb1 Nd7 12.Nd5 f5 13.Nf4 Bf7 14.exf5 gxf5 15.b3 Nf6
16.Bb2 e5 17.Nh3 Qe7 18.f4 Rfd8 19.Ne3 Bg6 20.Bd3 e4 21.Be2 Kh8 22.Qd2 d5
23.cxd5 Nb4 24.Ba3 a5 25.Rbd1 Ne8 26.Ng5 Bc3 27.Bb2 Qf6 28.Bxc3 Qxc3 29.Ne6
Qxd2 30.Rxd2 Rd6 31.Bc4 Nf6 32.Nd4 Nbxd5 33.Nxd5 Nxd5 34.Nb5 Rdd8 35.Rxd5 {#r}
1-0

[Event "It (open)"]
[Site "masterchessopen.com Prague (Czech Republic)"]
[Date "2006.01.14"]
[Round "2"]
[White "Lindsoe Fredrik-Aunan (NOR)"]
[Black "Pesola Jyrki (FIN)"]
[Result "1-0"]
[WhiteElo "1955"]
[BlackElo "2029"]

1.e4 c5 2.Nf3 g6 3.d4 cxd4 4.Nxd4 Bg7 5.c4 Nc6 6.Nc2 Nf6 7.Nc3 O-O 8.Be2 d6
9.O-O a5 10.Be3 Be6 11.Qd2 Re8 12.Rac1 Ng4 13.Bxg4 Bxg4 14.b3 Rc8 15.Nd5 Be6
16.Bb6 Qd7 17.a4 f5 18.exf5 Bxf5 19.Bxa5 Nxa5 20.Qxa5 Rc5 21.Qd2 e6 22.Nb6 Qe7
23.b4 Rc6 24.a5 Qh4 25.Ne3 Be4 26.f3 Bf5 27.Nxf5 gxf5 28.f4 Qf6 29.Rfd1 Bf8
30.Nd7 Qe7 31.Nxf8 Kxf8 32.b5 Rc7 33.Qxd6 e5 34.fxe5 Kg7 35.Rd5 Rec8 36.b6
Qxd6 37.exd6 Rd7 38.c5 {#r} 1-0

[Event "It (open)"]
[Site "masterchessopen.com Campodarsego (Italy)"]
[Date "2006.01.22"]
[Round "5"]
[White "Bonafede Alessandro (ITA)"]
[Black "Bracaglia Carlo (ITA)"]
[Result "1-0"]
[WhiteElo "2205"]
[BlackElo "2145"]

1.e4 c5 2.Nf3 Nc6 3.d4 cxd4 4.Nxd4 g6 5.c4 Bg7 6.Nc2 Nf6 7.Nc3 O-O 8.Be2 d6
9.O-O a5 10.Na3 Nd7 11.Nab5 Nc5 12.Bg4 Be6 13.Bxe6 fxe6 14.Be3 b6 15.Qe2 Qc8
16.f4 Qb7 17.Rad1 Rf7 18.Qg4 e5 19.f5 gxf5 20.exf5 Kh8 21.Qh5 Raf8 22.Nd5 e4
23.Nbc7 Qc8 24.g4 Ne5 25.Bxc5 bxc5 26.Ne6 Nf3+ 27.Rxf3 exf3 28.Ng5 Bd4+
29.Rxd4 f2+ 30.Kxf2 cxd4 31.Nxf7+ Kg7 32.Qh6+ {#r} 1-0